| 000 | 01023cam a2200289 a 4500 | ||
|---|---|---|---|
| 001 | 1581347 | ||
| 003 | Ke-BoTe | ||
| 005 | 20220512124441.0 | ||
| 008 | 931210s1995 paua b 001 0 eng | ||
| 010 | _a 93048584 | ||
| 020 | _a0721666841 | ||
| 040 |
_aDLC _cDLC _dDLC |
||
| 050 | 0 | 0 |
_aRT86.3 _b.A76 1995 |
| 082 | 0 | 0 |
_a610.73/06/99 _220 |
| 100 | 1 |
_aArnold, Elizabeth. _93964 |
|
| 245 | 1 | 0 |
_aInterpersonal relationships : _bprofessional communication skills for nurses / _cElizabeth Arnold, Kathleen Underman Boggs. |
| 250 | _a2nd ed. | ||
| 260 |
_aPhiladelphia : _bW.B. Saunders, _cc1995. |
||
| 300 |
_axvi, 590 p.: _bill.; _c24 cm. |
||
| 504 | _aIncludes bibliographical references and index. | ||
| 650 | 0 |
_aNurse and patient. _92739 |
|
| 650 | 0 |
_aInterpersonal communication. _9123 |
|
| 700 | 1 |
_aBoggs, Kathleen Underman. _93965 |
|
| 906 |
_a7 _bcbc _corignew _d1 _eocip _f19 _gy-gencatlg |
||
| 942 |
_2lcc _cBK _n0 |
||
| 999 |
_c2551 _d2551 |
||